书目信息 |
| 题名: |
中药学
|
|
| 作者: | 颜正华 主编 | |
| 分册: | ||
| 出版信息: | 北京 人民卫生出版社 2006.3 |
|
| 页数: | 10,1256页 | |
| 开本: | 26cm | |
| 丛书名: | 高等中医药院校教学参考丛书 | |
| 单 册: | ||
| 中图分类: | R28 | |
| 科图分类: | ||
| 主题词: | 中药学--中医学院--教学参考资料 , 中药学 | |
| 电子资源: | ||
| ISBN: | 978-7-117-07244-1 | |
| 000 | 01066oam2 2200289 45 | |
| 001 | 1354545952 | |
| 005 | 20130510094238.56 | |
| 010 | @a978-7-117-07244-1@dCNY124.00 | |
| 100 | @a20130108d2006 em y0chiy0110 ea | |
| 101 | 0 | @achi |
| 102 | @aCN@b110000 | |
| 105 | @ay z 001yy | |
| 106 | @ar | |
| 200 | 1 | @a中药学@AZhong Yao Xue@f颜正华主编@FYan Zheng Hua Zhu Bian |
| 205 | @a2版 | |
| 210 | @a北京@c人民卫生出版社@d2006.3 | |
| 215 | @a10,1256页@d26cm | |
| 225 | 2 | @a高等中医药院校教学参考丛书 |
| 330 | @a本书分总论与各论两部分。总论部分介绍中药的 | |
| 330 | @a本教材分为总论和各论两部分。总论介绍了中药的起源与发展、产地与采集、炮制及性能、应用等基本理论知识;各论收载常用中药576味,按药物的功效分为20章,每章先列概说,介绍该章药物的概念、作用、适应证、配伍原则、使用事项及现代研究的概况与动向等。 | |
| 461 | 0 | @12001 @a高等中医药院校教学参考丛书 |
| 606 | 0 | @a中药学@x中医学院@j教学参考资料 |
| 606 | 0 | @a中药学 |
| 690 | @aR28@v5 | |
| 701 | 0 | @a颜正华@AYan Zheng Hua@4主编 |
| 801 | @aCN@bTANGWEI@c20130109 | |
| 905 | @b0830791-93@dR28@e301=2@f3 | |
| 中药学/颜正华主编.-2版.-北京:人民卫生出版社,2006.3 |
| 10,1256页;26cm.-(高等中医药院校教学参考丛书) |
| ISBN 978-7-117-07244-1:CNY124.00 |
| 本书分总论与各论两部分。总论部分介绍中药的.-本教材分为总论和各论两部分。总论介绍了中药的起源与发展、产地与采集、炮制及性能、应用等基本理论知识;各论收载常用中药576味,按药物的功效分为20章,每章先列概说,介绍该章药物的概念、作用、适应证、配伍原则、使用事项及现代研究的概况与动向等。 |
| ● |
| 相关链接 |
|
|
|
|
正题名:中药学
索取号:R28/301=2
 
预约/预借
| 序号 | 登录号 | 条形码 | 馆藏地/架位号 | 状态 | 备注 |
| 1 | 0830791 | 208307919 | 第二样本阅览室/ [索取号:R28/301=2] | 在馆 | |
| 2 | 0830792 | 208307928 | 第三借阅区/ [索取号:R28/301=2] | 在馆 | |
| 3 | 0830793 | 208307937 | 第三借阅区/ [索取号:R28/301=2] | 在馆 |